<?xml version="1.0" encoding="UTF-8"?>
<marc:record xmlns:marc="http://www.loc.gov/MARC21/slim">
   <marc:leader>00000nam a2200000 a 4500</marc:leader>
   <marc:datafield ind1=" " ind2=" " tag="653">
      <marc:subfield code="a">f||?Aufsatzsammlung</marc:subfield>
   </marc:datafield>
   <marc:datafield ind1=" " ind2=" " tag="653">
      <marc:subfield code="a">s||?Pastoraltheologie</marc:subfield>
   </marc:datafield>
   <marc:datafield ind1="0" ind2="0" tag="245">
      <marc:subfield code="a">Lebendige Seelsorge &lt;Freiburg im Breisgau; 1950 -&gt;</marc:subfield>
   </marc:datafield>
   <marc:datafield ind1="0" ind2="0" tag="245">
      <marc:subfield code="b">Zeitschrift für alle Fragen der Seelsorge ; [in Verbindung mit Oberrheinisches Pastoralblatt mit Beiheft "Lebendige Katechese"]</marc:subfield>
   </marc:datafield>
   <marc:datafield ind1=" " ind2="1" tag="264">
      <marc:subfield code="a">Würzburg</marc:subfield>
      <marc:subfield code="b">Seelsorge-Verl., Echter</marc:subfield>
      <marc:subfield code="c">2024</marc:subfield>
   </marc:datafield>
   <marc:datafield ind1=" " ind2=" " tag="250">
      <marc:subfield code="a">75</marc:subfield>
   </marc:datafield>
   <marc:datafield ind1="1" ind2=" " tag="520">
      <marc:subfield code="a">Pastoraltheologie ist das vielleicht scho¨nste theologische Fach der Welt. Und es wird in diesem Jahr 250 Jahre alt. Grund genug fu¨r ein reichhaltiges Themenheft der Lebendigen Seelsorge. Es bewegt sich zwischen fragendem Wissenschaftseros und angefragter Hirtentoxik, gemeindlichem Transformationsstress und theologischen Lockerungsu¨bungen, kirchlichen Seelsorgea¨mtern und gesellschaftlichem Klimaprotest, dogmatischen Provokationen und ethnografischen Erkundungen, niederla¨ndischen Multiidentita¨ten und muslimischer Seelsorgepraxis. Ein pastoral kreatives und theologisch erfrischendes Abenteuer zwischen Praxisfeldern und Diskursarchiven!</marc:subfield>
   </marc:datafield>
   <marc:datafield ind1=" " ind2=" " tag="022">
      <marc:subfield code="a">03434591</marc:subfield>
   </marc:datafield>
   <marc:datafield ind1="0" ind2=" " tag="490">
      <marc:subfield code="v">7502</marc:subfield>
   </marc:datafield>
</marc:record>
